La Guerre de Troie - Statistiques

Statistiques générales
  • Ce quiz a été pris 16 038 fois
  • Le résultat moyen est 14 sur 22
Statistiques - réponses
Question Réponse % Correct
Principal héros des grecs, célèbre pour ses talents guerriers et sa colère Achille
93%
Les 3 déesses qui revendiquèrent le fruit Athéna
89%
Seule partie de son corps qui ne fut pas immergée Son talon
87%
Héros grec, roi d'Ithaque, connu pour sa ruse et son intelligence Ulysse
87%
Les 3 déesses qui revendiquèrent le fruit Aphrodite
85%
Construction de bois grâce à laquelle les grecs purent infiltrer Troie Cheval de Troie
85%
Femme à la grande beauté, qui fut enlevée par ce prince Hélène
85%
Auteur de l'Iliade, relatant, entre autres, l'épisode de la guerre de Troie Homère
82%
Les 3 déesses qui revendiquèrent le fruit Héra
81%
Prince qui dut remettre son jugement en offrant la pomme à l'une d'elles Pâris
80%
Pays moderne où se trouvent les ruines de Troie Turquie
72%
Fleuve dans lequel sa mère le plongea, le rendant (presque) invulnérable Le Styx
70%
Valeureux héros troyen, fils du précédent Hector
68%
Roi de Mycènes, frère du précédent, surnommé le « Roi des rois », qui pritla tête de l'expédition achéenne (grecque) Agamemnon
65%
Roi de Sparte, dont elle fut l'épouse Ménélas
53%
Ami intime de ce héros, qui rejoignit l'expédition à ses côtés Patrocle
52%
Héros troyen, chanté par Virgile, qui partit pour l'Italie après la chute de sa ville. La légende en fit le père fondateur de la civilisation romaine. Énée
44%
Roi de Troie au moment de la guerre Priam
42%
Princesse troyenne qui reçut le don de prophétie, ainsi que la malédiction den'être crue par personne Cassandre
39%
Noble et grand héros grec, surnommé « le rempart des Achéens » Ajax le Grand
34%
Déesse de la Discorde qui jeta aux dieux une pomme d'or portant la mention« Pour la plus belle » Eris
31%
Plus jeune des héros grecs, toujours victorieux, il blessa deux dieux en un jour Diomède
10%
Aucun quiz correspondant
Distribution des résultats
% des personnes avec chaque résultat
Percentile par nombre de réponses
Votre historique - résultats
Vous n’avez pas pris ce quiz